MARC details
| 000 -CABECERA |
| campo de control de longitud fija |
02568nam a22003254i 4500 |
| 001 - NÚMERO DE CONTROL |
| campo de control |
991061597648406706 |
| 003 - IDENTIFICADOR DEL NÚMERO DE CONTROL |
| campo de control |
ES-BaIT |
| 005 - FECHA Y HORA DE LA ÚLTIMA TRANSACCIÓN |
| campo de control |
20260203084740.0 |
| 008 - DATOS DE LONGITUD FIJA--INFORMACIÓN GENERAL |
| campo de control de longitud fija |
260128s2025 sp a 000 d cat c |
| 017 ## - NÚMERO DE COPYRIGHT O DE DEPÓSITO LEGAL |
| Número de copyright o de depósito legal |
DL PM 00241-2025 |
| Agencia que asigna |
Oficina DL Mallorca |
| 020 ## - NÚMERO INTERNACIONAL ESTÁNDAR DEL LIBRO |
| Número Internacional Estándar del Libro |
9788412919165 |
| 040 ## - FUENTE DE LA CATALOGACIÓN |
| Centro catalogador/agencia de origen |
ES-BaIT |
| Lengua de catalogación |
cat |
| Normas de descripción |
rda |
| Centro/agencia transcriptor |
ES-BaIT |
| 080 ## - NÚMERO DE LA CLASIFICACIÓN DECIMAL UNIVERSAL |
| Número de la Clasificación Decimal Universal |
849.9-2"19" |
| 100 1# - ENTRADA PRINCIPAL--NOMBRE DE PERSONA |
| Nombre de persona |
Bonet, Blai, |
| Fechas asociadas al nombre |
1926-1997 |
| Término indicativo de función/relación |
autor |
| 9 (RLIN) |
8981 |
| 245 10 - MENCIÓN DE TÍTULO |
| Título |
Parasceve / |
| Mención de responsabilidad, etc. |
Blai Bonet ; estudi introductori i edició a cura de Joan Tomàs Martínez Grimalt i Pau Vadell i Vallbona |
| 264 #1 - PRODUCCIÓN, PUBLICACIÓN, DISTRIBUCIÓN, FABRICACIÓN Y COPYRIGHT |
| Producción, publicación, distribución, fabricación y copyright |
Mallorca : |
| Nombre del de productor, editor, distribuidor, fabricante |
AdiA Edicions, |
| Fecha de producción, publicación, distribución, fabricación o copyright |
2025 |
| 300 ## - DESCRIPCIÓN FÍSICA |
| Extensión |
81 pàgines ; |
| Dimensiones |
20 cm |
| 336 ## - TIPO DE CONTENIDO |
| Término de tipo de contenido |
text |
| Código de tipo de contenido |
txt |
| Fuente |
rdacontent |
| 337 ## - TIPO DE MEDIO |
| Nombre/término del tipo de medio |
sense mediació |
| Código del tipo de medio |
n |
| Fuente |
rdamedia |
| 338 ## - TIPO DE SOPORTE |
| Nombre/término del tipo de soporte |
volum |
| Código del tipo de soporte |
nc |
| Fuente |
rdacarrier |
| 490 1# - MENCIÓN DE SERIE |
| Mención de serie |
Col·lecció Jàssera ; |
| Designación de volumen o secuencia |
7 |
| 500 ## - NOTA GENERAL |
| Nota general |
P6: D1, H5 |
| 520 ## - SUMARIO, ETC. |
| Sumario, etc. |
"La història de la humanitat s’escriu a partir dels canvis i de les oportunitats. De les experiències més brutals i incomprensibles, com la guerra i la injustícia, se n’erigeixen imperis i poders que, en algunes ocasions, només s’aguanten damunt un primíssim paper de fumar. Aquesta mirada cap a la història, passada pel sedàs d’un Blai Bonet primerenc, és com un estat de setge total. La bellesa de l’horror, ja s’escola en la dedicatòria de l’obra: «L’odi és l’amor del mal». Aquesta advertència ens incita a entrar en una atmosfera carregada, espessa, que s’acala sobre el llom d’uns joves que es fan homes d’un dia per l’altre i sobre el dolor desfermat d’una mare que mira la mort de cara. Precisament la paraula «parasceve», que dona nom a l’obra, prové del grec i fa referència al dia de preparació del sàbat entre els jueus (divendres). L’evangeli de Joan l’assimila a la Pasqua jueva i amb aquesta significació ha passat a la litúrgia cristiana per designar el divendres sant. L’obra desafia l’existència dels antònims perquè celebra les contradiccions de l’existència: l’amor que es fa desamor —i que evoluciona en desgràcia i culpa— i la vida que teixeix la mort, quan la vitalitat de la joventut topa amb la destrucció i la violència." -- Fragment del text introductori de Joan Tomàs Martínez Grimalt i Pau Vadell Vallbona |
| 700 ## - ENTRADA AGREGADA--NOMBRE PERSONAL |
| Nombre de persona |
Martínez Grimalt, Joan Tomàs, |
| Fechas asociadas al nombre |
1984- |
| Término indicativo de función/relación |
editor literari, |
| -- |
escriptor d'una introducció |
| 9 (RLIN) |
139296 |
| 700 ## - ENTRADA AGREGADA--NOMBRE PERSONAL |
| Nombre de persona |
Vadell i Vallbona, Pau, |
| Fechas asociadas al nombre |
1984- |
| Término indicativo de función/relación |
editor literari |
| -- |
escriptor d'una introducció |
| 9 (RLIN) |
129283 |
| 830 ## - PUNTO DE ACCESO ADICIONAL DE SERIE-TÍTULO UNIFORME |
| Título uniforme |
Col·lecció Jàssera |
| Designación de volumen o secuencia |
7 |
| 9 (RLIN) |
168250 |
| 908 ## - COLOCAR PARÁMETRO DE COMANDO (RLIN) |
| Colocar parámetro de comando |
CDMAE |
| 940 ## - EQUIVALENCIA O REFERENCIA-CRUZADA--TÍTULO UNIFORME [OBSOLETO] [solamente CAN/MARC] |
| Título uniforme |
<a href="CVA38">CVA38</a> |
| 942 ## - ELEMENTOS DE ENTRADA AGREGADA (KOHA) |
| Fuente del sistema de clasificación o colocación |
Clasificación decimal universal |
| Tipo de ítem Koha |
Llibre |